000 00333nam a2200133Ia 4500
008 170620s9999 xx 000 0 und d
020 _a9.78819E+12
100 _aVIDYA SAGAR G
245 0 _aPHARMACEUTICAL INDUSTRIL MANAGEMENT
260 _bPHARMAMED PRESS HYDERABAD
260 _c2013
300 _a365
546 _aEnglish
690 _aINDUSTRIL MANAGEMENT
999 _c31389
_d31389